横浜シティエアターミナル(YCAT)から行くことのできる自治体 - Statistics

General Stats
  • This quiz has been taken 8 times
  • The average score is 129 of 155
Answer Stats
愛称 運行会社 行先 % Correct
キラキラ号 さくら高速バス 弘前市
100%
キラキラ号 さくら高速バス 青森市
100%
ニューノクターン号 弘南バス 弘前市
100%
キラキラ号 さくら高速バス 盛岡市
100%
MEX宮古・盛岡 岩手県北バス 盛岡市
100%
MEX宮古・盛岡 岩手県北バス 宮古市
100%
キラキラ号 さくら高速バス 秋田市
100%
リムジンバス 東京空港交通京浜急行バス 京成バス 成田市
100%
横浜駅~木更津線 京浜急行バス小湊鐵道 木更津市
100%
横浜・羽田~五井・蘇我線 小湊鐵道 千葉市
100%
横浜・羽田~館山線 京浜急行バス日東交通 木更津市
100%
横浜・羽田~館山線 京浜急行バス 日東交通 館山市
100%
横浜~横須賀西地区線 京浜急行バス 横須賀市
100%
キラキラ号 さくら高速バス 新潟市
100%
キラキラ号 さくら高速バス 富山市
100%
キラキラ号 さくら高速バス 金沢市
100%
コネクトライナー 丹沢交通 富山市
100%
コネクトライナー 丹沢交通 金沢市
100%
横浜駅・羽田空港線 山梨交通 甲府市
100%
御殿場プレミアム・アウトレット~横浜線 フジエクスプレス 御殿場市
100%
羽田・横浜=御殿場線 小田急ハイウェイバス 御殿場市
100%
横浜ライナー しずてつジャストライン 静岡市
100%
ドリーム静岡・浜松号 JR東海バス 静岡市
100%
ドリーム静岡・浜松号 JR東海バス 菊川市
100%
ドリーム静岡・浜松号 JR東海バス 浜松市
100%
eLineR 遠州鉄道 御殿場市
100%
eLineR 遠州鉄道 浜松市
100%
WILLER EXPRESS WILLER EXPRESS 名古屋市
100%
WILLER EXPRESS WILLER EXPRESS 四日市市
100%
WILLER EXPRESS WILLER EXPRESS 津市
100%
JAMJAMLINER ジャムジャムエクスプレス 名古屋市
100%
JAMJAMLINER ジャムジャムエクスプレス 四日市市
100%
東名特急ニュースター 東京バス・名古屋バス 名古屋市
100%
グレースライナー グレース観光バス 名古屋市
100%
ファンタジアなごや号 JR東海バス京成バス 名古屋市
100%
あおぞらライナー 青木バス 名古屋市
100%
あおぞらライナー 青木バス 四日市市
100%
あおぞらライナー 青木バス 津市
100%
キラキラ号 さくら高速バス 名古屋市
100%
Access Liner KOMONO 菰野東部交通 名古屋市
100%
Access Liner KOMONO 菰野東部交通 津市
100%
南紀勝浦線 西武バス 三重交通 新宮市
100%
アットライナー AT LINER 京都市
100%
JAMJAMLINER ジャムジャムエクスプレス 京都市
100%
オリオンバス オー・ティー・ビー 京都市
100%
WILLER EXPRESS WILLER EXPRESS 京都市
100%
サンアンドムーン 大新東 京都市
100%
ナイトライナー 東京富士交通 京都市
100%
ニューノクターン号 弘南バス 五所川原市
86%
キラキラ号 さくら高速バス 横手市
86%
キラキラ号 さくら高速バス 大仙市
86%
横浜・羽田~五井・蘇我線 小湊鐵道 市原市
86%
横浜・羽田~茂原線 小湊鐵道 市原市
86%
横浜・羽田~館山線 京浜急行バス 日東交通 君津市
86%
横浜・羽田~館山線 京浜急行バス 日東交通 富津市
86%
リムジンバス 京浜急行バス 大田区
86%
京急リムジンバス 京浜急行バス 横浜市
86%
横浜~横須賀西地区線 京浜急行バス 三浦郡葉山町
86%
キラキラ号 さくら高速バス 長岡市
86%
キラキラ号 さくら高速バス 燕市
86%
キラキラ号 さくら高速バス 高岡市
86%
杉崎高速バス 杉崎高速バス 福井市
86%
キラキラ号 さくら高速バス 福井市
86%
横浜駅・羽田空港線 山梨交通 甲州市
86%
横浜駅・羽田空港線 山梨交通 甲斐市
86%
三島羽田シャトル WILLER EXPRESS伊豆箱根バス 東海バス 三島市
86%
羽田・横浜=御殿場線 小田急ハイウェイバス 足柄上郡大井町
86%
羽田・横浜=御殿場線 小田急ハイウェイバス 足柄上郡松田町
86%
ドリーム静岡・浜松号 JR東海バス 掛川市
86%
eLineR 遠州鉄道 掛川市
86%
eLineR 遠州鉄道 磐田市
86%
WILLER EXPRESS WILLER EXPRESS 豊橋市
86%
WILLER EXPRESS WILLER EXPRESS 岡崎市
86%
WILLER EXPRESS WILLER EXPRESS 豊田市
86%
WILLER EXPRESS WILLER EXPRESS 鈴鹿市
86%
WILLER EXPRESS WILLER EXPRESS 松阪市
86%
WILLER EXPRESS WILLER EXPRESS 伊勢市
86%
JAMJAMLINER ジャムジャムエクスプレス 豊橋市
86%
JAMJAMLINER ジャムジャムエクスプレス 岡崎市
86%
JAMJAMLINER ジャムジャムエクスプレス 豊田市
86%
JAMJAMLINER ジャムジャムエクスプレス 鈴鹿市
86%
あおぞらライナー 青木バス 松阪市
86%
あおぞらライナー 青木バス 伊勢市
86%
Access Liner KOMONO 菰野東部交通 桑名市
86%
Access Liner KOMONO 菰野東部交通 松阪市
86%
Access Liner KOMONO 菰野東部交通 伊勢市
86%
南紀勝浦線 西武バス 三重交通 尾鷲市
86%
南紀勝浦線 西武バス 三重交通 熊野市
86%
南紀勝浦線 西武バス 三重交通 東牟婁郡那智勝浦町
86%
アットライナー AT LINER 大阪市
86%
アットライナー AT LINER 神戸市
86%
JAMJAMLINER ジャムジャムエクスプレス 大阪市
86%
JAMJAMLINER ジャムジャムエクスプレス 神戸市
86%
オリオンバス オー・ティー・ビー 大阪市
86%
オリオンバス オー・ティー・ビー 神戸市
86%
WILLER EXPRESS WILLER EXPRESS 大阪市
86%
サンアンドムーン 大新東 大阪市
86%
たびのすけ 青垣観光バス 大阪市
86%
たびのすけ 青垣観光バス 神戸市
86%
グレースライナー グレース観光バス 大阪市
86%
Tourist bus ツーリストバス 大阪市
86%
ナイトライナー 東京富士交通 大阪市
86%
やまと号 京成バス 大阪市
86%
サウスウェーブ号 和歌山バス京成バス 堺市
86%
サウスウェーブ号 和歌山バス 京成バス 和歌山市
86%
ホワイトビーチシャトル号 西武バス明光バス 和歌山市
86%
ホワイトビーチシャトル号 西武バス 明光バス 西牟婁郡白浜町
86%
青春ドリーム岡山・広島号 JRバス中国 岡山市
86%
青春ドリーム岡山・広島号 JRバス中国 広島市
86%
コトバスエクスプレス 琴平バス 徳島市
86%
コトバスエクスプレス 琴平バス 高松市
86%
コトバスエクスプレス 琴平バス 仲多度郡琴平町
86%
コトバスエクスプレス (乗り換え) 松山市
86%
コトバスエクスプレス (乗り換え) 高知市
86%
MEX宮古・盛岡 岩手県北バス 下閉伊郡山田町
71%
キラキラ号 さくら高速バス 能代市
71%
ムーミンバレーパーク直行バス 杉崎高速バス 飯能市
71%
横浜駅~木更津線 京浜急行バス 小湊鐵道 袖ケ浦市
71%
横浜・羽田~茂原線 小湊鐵道 茂原市
71%
横浜・羽田~館山線 京浜急行バス 日東交通 南房総市
71%
コネクトライナー 丹沢交通 小松市
71%
横浜駅・羽田空港線 山梨交通 笛吹市
71%
羽田・横浜=御殿場線 小田急ハイウェイバス 秦野市
71%
羽田・横浜=御殿場線 小田急ハイウェイバス 足柄上郡山北町
71%
ドリーム静岡・浜松号 JR東海バス 榛原郡吉田町
71%
ドリーム静岡・浜松号 JR東海バス 袋井市
71%
あおぞらライナー 青木バス 多気郡多気町
71%
南紀勝浦線 西武バス三重交通 多気郡多気町
71%
南紀勝浦線 西武バス 三重交通 多気郡大台町
71%
南紀勝浦線 西武バス 三重交通 度会郡大紀町
71%
ナイトライナー 東京富士交通 奈良市
71%
やまと号 京成バス 奈良市
71%
ホワイトビーチシャトル号 西武バス 明光バス 海南市
71%
ホワイトビーチシャトル号 西武バス 明光バス 御坊市
71%
ホワイトビーチシャトル号 西武バス 明光バス 田辺市
71%
コトバスエクスプレス 琴平バス 鳴門市
71%
コトバスエクスプレス 琴平バス さぬき市
71%
コトバスエクスプレス 琴平バス 綾歌郡宇多津町
71%
コトバスエクスプレス (乗り換え) 四国中央市
71%
羽田・横浜=御殿場線 小田急ハイウェイバス 駿東郡小山町
57%
WILLER EXPRESS WILLER EXPRESS 新城市
57%
南紀勝浦線 西武バス 三重交通 北牟婁郡紀北町
57%
南紀勝浦線 西武バス 三重交通 南牟婁郡御浜町
57%
ホワイトビーチシャトル号 西武バス 明光バス 有田郡有田川町
57%
ホワイトビーチシャトル号 西武バス 明光バス 日高郡印南町
57%
ホワイトビーチシャトル号 西武バス 明光バス 日高郡みなべ町
57%
青春ドリーム岡山・広島号 JRバス中国 赤磐市
57%
コトバスエクスプレス 琴平バス 東かがわ市
57%
横浜・羽田~茂原線 小湊鐵道 長生郡長南町
29%
たびのすけ 青垣観光バス 長岡京市
29%
やまと号 京成バス 山辺郡山添村
29%
やまと号 京成バス 天理市
29%
コトバスエクスプレス 琴平バス 木田郡三木町
29%
コトバスエクスプレス (乗り換え) 三好郡東みよし町
14%
あおぞらライナー 青木バス 東海市
0%
No matching quizzes found
Score Distribution
Percent of People with Each Score
Percentile by Number Answered
Your Score History
You have not taken this quiz